[Event "TUR-chT Clubs"]
[Site "Konya"]
[Date "2019.07.17"]
[Round "2.3"]
[White "Toren, Kadir"]
[Black "Ersahince, Umut Utku"]
[Result "0-1"]
[WhiteElo "1736"]
[BlackElo "1677"]
[PlyCount "132"]
[EventDate "2019.07.16"]
[EventType "team-swiss"]
[EventRounds "9"]
[EventCountry "TUR"]
[SourceTitle "CBM 191 Extra"]
[Source "ChessBase"]
[SourceDate "2019.09.30"]
[SourceVersion "1"]
[SourceVersionDate "2019.09.30"]
[SourceQuality "1"]
[WhiteTeam "Bitlis Dernegi"]
[BlackTeam "Engin Gulec Genclik"]
[WhiteTeamCountry "TUR"]
[BlackTeamCountry "TUR"]

1. e4 c5 2. Nf3 d6 3. d4 cxd4 4. Nxd4 Nf6 5. Nc3 g6 6. Bc4 Bg7 7. Bb3 0-0 8. 0-0 Nc6 9. Nxc6 bxc6 10. Kh1 Ba6 11. Re1 Qd7 12. h3 Bb7 13. Bg5 e5 14. f4 Nh5 15. f5 Bf6 16. Bh6 Ng7 17. Qg4 Kh8 18. Rf1 gxf5 19. Bxg7+ Bxg7 20. exf5 d5 21. Rad1 Qe7 22. Ne2 Ba6 23. c4 d4 24. f6 Bxf6 25. Qf5 Bg5 26. Bc2 f6 27. b3 Bc8 28. Qe4 f5 29. Qxc6 Bb7 30. Qb5 Rab8 31. Qa5 Qg7 32. Rg1 Be3 33. Kh2 Rg8 34. Qxa7 Bxg1+ 35. Rxg1 Qc7 36. b4 e4+ 37. Kh1 d3 38. Nd4 Ra8 39. Qc5 Qxc5 40. bxc5 dxc2 41. c6 Bc8 42. Nxc2 Rxa2 43. Rc1 Re8 44. Nb4 Rd2 45. Kh2 e3 46. Kg3 e2 47. Re1 Rd1 48. Kf2 Rxe1 49. Kxe1 Kg7 50. Nd5 Be6 51. Nb6 Kf6 52. c5 Bc8 53. Nd7+ Bxd7 54. cxd7 Rf8 55. c6 Ke6 56. Kxe2 Kd6 57. Kf3 Kxc6 58. d8Q Rxd8 59. Kf4 Rf8 60. Ke5 Kd7 61. h4 Ke7 62. g3 Rf6 63. h5 Rh6 64. Kxf5 Rxh5+ 65. Kf4 Kf6 66. g4 Ra5 0-1

[Event "TUR-chT2"]
[Site "Konya"]
[Date "2018.07.12"]
[Round "4.10"]
[White "Tetik, Muhammet"]
[Black "Toren, Kadir"]
[Result "1-0"]
[WhiteElo "1470"]
[BlackElo "1819"]
[PlyCount "177"]
[EventDate "2018.07.10"]
[EventType "team-swiss"]
[EventRounds "9"]
[EventCountry "TUR"]
[SourceTitle "EXT 2019"]
[Source "ChessBase"]
[SourceDate "2018.10.10"]
[SourceVersion "1"]
[SourceVersionDate "2018.10.10"]
[SourceQuality "1"]
[WhiteTeam "Kanya Gambit"]
[BlackTeam "Bitlis Dernegi"]
[WhiteTeamCountry "TUR"]
[BlackTeamCountry "TUR"]

1. e4 e5 2. Nf3 Nc6 3. Bc4 Bc5 4. c3 Nf6 5. d4 exd4 6. e5 Ne4 7. Bd5 f5 8. cxd4 Bb4+ 9. Bd2 Nxd2 10. Nbxd2 d6 11. 0-0 Bxd2 12. Qxd2 Ne7 13. Bb3 d5 14. Qg5 0-0 15. Rfe1 Be6 16. Qd2 h6 17. g3 Qe8 18. Rac1 c6 19. Kh1 Qh5 20. Bd1 g5 21. Rg1 Kh7 22. Qd3 Qg6 23. Rc3 f4 24. g4 Qxd3 25. Rxd3 Rac8 26. Ra3 a6 27. Rb3 Rc7 28. Bc2+ Kg7 29. h4 Rh8 30. h5 Rb8 31. Rc3 b6 32. Kh2 Rbc8 33. Rb3 Rb7 34. Bd3 b5 35. Ra3 Rb6 36. b4 Ra8 37. Ra5 Rb7 38. Kh3 c5 39. bxc5 Nc6 40. Ra3 a5 41. Rb3 Rab8 42. Rgb1 Nb4 43. a3 Nxd3 44. Rxd3 b4 45. Rdb3 Bd7 46. Nd2 Bc6 47. axb4 Rxb4 48. Kg2 Rxb3 49. Rxb3 Rb4 50. Rxb4 axb4 51. Kf1 Bb5+ 52. Ke1 Kf7 53. Kd1 Ke6 54. Kc2 Ba4+ 55. Kb2 Kd7 56. Nb3 Bb5 57. Nd2 Ba4 58. Nb3 Bb5 59. Nc1 Ba4 60. Na2 Bd1 61. Nxb4 Bxg4 62. Nxd5 Be6 63. Nf6+ Kc6 64. f3 g4 65. fxg4 f3 66. Ne4 Bxg4 67. Kc3 Be6 68. Kd2 Kd5 69. Ke3 Bf7 70. Nf6+ Kc4 71. c6 f2 72. Kxf2 Kxd4 73. Nd7 Be6 74. Kg3 Kd5 75. Kf4 Kxc6 76. Nf6 Kc5 77. Ng4 Bf7 78. Nf6 Be6 79. Ne4+ Kd4 80. Nd6 Kd5 81. Ne8 Bf7 82. Ng7 Bg8 83. Kf5 Kc6 84. Kf6 Kd7 85. Nf5 Be6 86. Nxh6 Bd5 87. Nf7 Ke8 88. h6 Be4 89. Nd6+ 1-0

[Event "TUR Cup										"]
[Site "Antalya"]
[Date "2018.01.27"]
[Round "1"]
[White "Toren, Kadir"]
[Black "Tarlabasi, Emirhan"]
[Result "0-1"]
[WhiteElo "1660"]
[BlackElo "2060"]
[PlyCount "56"]
[EventDate "2018.01.27"]
[EventType "swiss"]
[EventRounds "11"]
[EventCountry "TUR"]
[SourceTitle "CBM 182 Extra"]
[Source "ChessBase"]
[SourceDate "2018.02.23"]
[SourceVersion "1"]
[SourceVersionDate "2018.02.23"]
[SourceQuality "1"]

1. e4 e6 2. d4 d5 3. exd5 exd5 4. Bd3 c5 5. dxc5 Bxc5 6. Nf3 Nf6 7. 0-0 0-0 8. h3 Nc6 9. Nc3 h6 10. a3 a6 11. Bf4 Re8 12. Rb1 g5 13. Bd2 Ne4 14. Bc1 Bf5 15. Nh2 Qd6 16. Ng4 Bxg4 17. Qxg4 Nxf2 18. Rxf2 Ne5 19. Qd1 Qf6 20. Qf1 Nxd3 21. cxd3 Qxf2+ 22. Qxf2 Re1+ 23. Kh2 Bxf2 24. Bd2 Rxb1 25. Nxb1 d4 26. a4 Re8 27. g3 Re2 28. Kg2 Be3+ 0-1

[Event "Manavgat Turkey Cup"]
[Site "Manavgat"]
[Date "2016.02.01"]
[Round "4"]
[White "Erdem, Salih"]
[Black "Toren, Kadir"]
[Result "1-0"]
[WhiteElo "1602"]
[BlackElo "1400"]
[PlyCount "92"]
[EventDate "2016.01.30"]
[EventType "swiss"]
[EventRounds "11"]
[EventCountry "TUR"]
[SourceTitle "CBM 170 Extra"]
[Source "ChessBase"]
[SourceDate "2016.02.25"]
[SourceVersion "1"]
[SourceVersionDate "2016.02.25"]
[SourceQuality "1"]

1. d4 d5 2. c4 Nf6 3. cxd5 Nxd5 4. e4 Nb6 5. Nc3 e6 6. Nf3 Be7 7. Bd3 c5 8. 0-0 c4 9. Bxc4 Nxc4 10. Qa4+ Nd7 11. Qxc4 Nb6 12. Qe2 f6 13. a4 a6 14. a5 Nd7 15. Be3 0-0 16. Qc4 Kh8 17. Qxe6 Ne5 18. Qd5 Nxf3+ 19. gxf3 Qe8 20. Kh1 f5 21. Qe5 Qd7 22. Qg3 Qd8 23. Rg1 Rg8 24. Bg5 Bxg5 25. Qxg5 Qxd4 26. Rad1 Qf6 27. Qxf6 gxf6 28. Rd6 Rf8 29. Nd5 fxe4 30. fxe4 f5 31. e5 b5 32. axb6 Bb7 33. Rd1 Rg8 34. Rd7 Rg7 35. Rxg7 Kxg7 36. Kg1 Rd8 37. Ne3 Rxd1+ 38. Nxd1 Kf7 39. f4 Ke6 40. Ne3 Ba8 41. Kf2 Bb7 42. Ke2 Bh1 43. Kd3 Be4+ 44. Kd4 Kd7 45. Nd5 Kc6 46. Nf6 Kxb6 1-0